Encuesta sobre requerimientos de formación del recurso humano para el sector industrial y servicios ubicados en el Gran Puntarenas /
El presente artículo es un informe de la encuesta sobre requerimientos de formación del recurso humano para el sector industrial y servicios ubicados en el Gran Puntarenas. Esta encuesta tiene como objetivo recabar la información necesaria para determinar las necesidades cuatitativas y cualitativas...
Gorde:
| Egile nagusia: | |
|---|---|
| Beste egile batzuk: | , |
| Formatua: | Texto |
| Gaiak: | |
| Etiketak: |
Etiketa erantsi
Etiketarik gabe, Izan zaitez lehena erregistro honi etiketa jartzen!
|
MARC
| LEADER | 00000 a a2200000 04500 | ||
|---|---|---|---|
| 001 | 42271 | ||
| 003 | |||
| 040 | |||
| 100 | |a Arias Ramírez, Rafael | ||
| 245 | |a Encuesta sobre requerimientos de formación del recurso humano para el sector industrial y servicios ubicados en el Gran Puntarenas / |c Rafael Arias Ramírez ; Luis Oviedo C. ; Yeimy Villalta Mena | ||
| 520 | |a El presente artículo es un informe de la encuesta sobre requerimientos de formación del recurso humano para el sector industrial y servicios ubicados en el Gran Puntarenas. Esta encuesta tiene como objetivo recabar la información necesaria para determinar las necesidades cuatitativas y cualitativas de mano de obra en la región, en el corto plazo. | ||
| 590 | |a RRH/MAYO2012 | ||
| 650 | |a 1.ENCUESTAS | ||
| 650 | |a 2.MANO DE OBRA | ||
| 650 | |a 3.EMPLEO | ||
| 650 | |a 4.CAPACITACION EN EL EMPLEO | ||
| 650 | |a 5.COMERCIO | ||
| 700 | |a Oviedo C., Luis | ||
| 700 | |a Villalta Mena, Yeimy | ||
| 773 | |g volumen28, número2 ( , 2010), páginas 421-444 : tablas, gráficos | ||
| 999 | |c 35411 |d 35411 | ||
